000 00554nam a22001937a 4500
005 20210419072027.0
008 210217s1973 ||||| |||| 00| 0 eng d
040 _cDLC
_aeng
041 _aeng
080 _a821.111
_bS-34
100 _9946
_aSchmitz.James h
245 _aA Pride of Monsters
_cSchmitz.James H
_b/ by: Collier Books
260 _aNew York
_bCollier Books
_c1973
300 _a248 p.
365 _b1.25 usd
650 0 _9247
_aEnglish literature
653 _aინგლისური ლიტერატურა
942 _2udc
_cBK
999 _c1960
_d1960